Girls' Names in Top 1000-S (2023) - Statistics

General Stats
  • This quiz has been taken 124 times
  • The average score is 25 of 64
Answer Stats
Answer % Correct
Sara
95%
Sarah
95%
Sofia
84%
Sophia
84%
Samantha
80%
Sophie
77%
Stella
70%
Sadie
67%
Selena
66%
Serena
65%
Stephanie
65%
Sabrina
59%
Siena
58%
Sienna
58%
Scarlet
55%
Scarlett
55%
Savanna
53%
Savannah
53%
Sierra
52%
Sunny
47%
Sky
45%
Skye
45%
Sydney
45%
Summer
43%
Skylar
40%
Skyler
40%
Sylvia
40%
Simone
38%
Sage
37%
Saige
37%
Samara
37%
Sasha
37%
Skyla
37%
Shay
35%
Stevie
34%
Sloan
33%
Sloane
33%
Selene
31%
Serenity
31%
Shiloh
30%
Sol
29%
Sapphire
28%
Shelby
27%
Samira
26%
Saylor
26%
Sariah
25%
Sariyah
25%
Sawyer
23%
Selah
23%
Sylvie
23%
Sarai
20%
Sevyn
19%
Sutton
17%
Salem
14%
Salma
14%
Seraphina
14%
Scottie
11%
Soleil
10%
Stormi
10%
Saoirse
9%
Scout
6%
Solana
6%
Saanvi
1%
Sarahi
0%
No matching quizzes found
Score Distribution
Percent of People with Each Score
Percentile by Number Answered
Your Score History
You have not taken this quiz